| 000 -LEADER |
| fixed length control field |
00758nam a2200217Ia 4500 |
| 001 - CONTROL NUMBER |
| control field |
11233 |
| 003 - CONTROL NUMBER IDENTIFIER |
| control field |
GE_BSU |
| 008 - FIXED-LENGTH DATA ELEMENTS--GENERAL INFORMATION |
| fixed length control field |
181216s||||||||xx |||||||||||||| ||und|| |
| 040 ## - CATALOGING SOURCE |
| Transcribing agency |
GE_BSU |
| 080 ## - UNIVERSAL DECIMAL CLASSIFICATION NUMBER |
| Universal Decimal Classification number |
631.4(075.8) |
| 100 ## - MAIN ENTRY--PERSONAL NAME |
| Personal name |
ტალახაძე გ.რ. |
| 245 ## - TITLE STATEMENT |
| Title |
ნიადაგთმცოდნეობის პრაქტიკუმი |
| 245 ## - TITLE STATEMENT |
| Statement of responsibility, etc. |
რედ: დ. გედევანიშვილი |
| 260 ## - PUBLICATION, DISTRIBUTION, ETC. |
| Place of publication, distribution, etc. |
თბილისი. |
| 260 ## - PUBLICATION, DISTRIBUTION, ETC. |
| Name of publisher, distributor, etc. |
სას-სამ. ინ-ტის გამ-ბა |
| 260 ## - PUBLICATION, DISTRIBUTION, ETC. |
| Date of publication, distribution, etc. |
1958 |
| 300 ## - PHYSICAL DESCRIPTION |
| Extent |
314გვ.22სმ. |
| 300 ## - PHYSICAL DESCRIPTION |
| Accompanying material |
დანართები გვ.289 |
| 653 ## - INDEX TERM--UNCONTROLLED |
| Uncontrolled term |
ნიადაგთმცოდნეობის პრაქტიკუმი |
| 942 ## - ADDED ENTRY ELEMENTS (KOHA) |
| Koha item type |
წიგნი |